I misteri delle origini della vita. (Record no. 145771)

MARC details
000 -LEADER
campo de control de longitud fija 00705nam a2200229 i 4500
001 - NÚMERO DE CONTROL
campo de control 145771
003 - IDENTIFICADOR DE NÚMERO DE CONTROL
campo de control ES-MaACL
005 - FECHA Y HORA DE LA ÚLTIMA TRANSACCIÓN
campo de control 20250717050004.0
007 - CAMPO FIJO DE DESCRIPCIÓN FÍSICA--INFORMACIÓN GENERAL
campo de control de longitud fija t|
008 - DATOS DE LONGITUD FIJA--INFORMACIÓN GENERAL
campo de control de longitud fija 071016s1973 sz ||||1| ita d
080 ## - NÚMERO DE LA CLASIFICACIÓN DECIMAL UNIVERSAL
Número de la Clasificación Decimal Universal 576.1
100 1# - ENTRADA PRINCIPAL--NOMBRE DE PERSONA
Nombre de persona Verbeek, Yves.
9 (RLIN) 113981
245 12 - MENCIÓN DEL TÍTULO
Título I misteri delle origini della vita.
Número de parte o sección de la obra 2 /
Mención de responsabilidad, etc. Ives Verbeek ; presentati Albert Demazière ; traduzione di Annita Biasi Conte.
260 ## - PUBLICACIÓN, DISTRIBUCIÓN, ETC.
Lugar de publicación, distribución, etc. [Ginevra] :
Nombre del editor, distribuidor, etc. Ferni,
Fecha de publicación, distribución, etc. [1973]
300 ## - DESCRIPCIÓN FÍSICA
Extensión 1 v. :
Otras características físicas il. ;
Dimensiones 28 cm.
505 8# - NOTA DE CONTENIDO CON FORMATO
Nota de contenido con formato Contiene: V. 2
650 #7 - PUNTO DE ACCESO ADICIONAL DE MATERIA--TÉRMINO DE MATERIA
Término de materia o nombre geográfico como elemento de entrada Biogénesis
Fuente del encabezamiento o término embne
9 (RLIN) 10571
700 1# - ENTRADA AGREGADA--NOMBRE PERSONAL
Nombre de persona Demazière, Albert.
9 (RLIN) 43629
700 1# - ENTRADA AGREGADA--NOMBRE PERSONAL
Nombre de persona Biasi Conte, Annita.
9 (RLIN) 28760
852 4# - LOCALIZACIÓN
Ubicación ES-MaACL
Número de control de estantería P-1474
Holdings
Estatus retirado Estado de pérdida Estado de daño No para préstamo Biblioteca de origen Biblioteca actual Ubicación en estantería Fecha de adquisición Fuente de adquisición Total de préstamos Signatura topográfica completa Código de barras Visto por última vez Precio de reemplazo Tipo de ítem Koha
        Biblioteca del Ateneo de Madrid Biblioteca del Ateneo de Madrid Depósito 2 17/01/2008     P-1474 1152160 23/02/2023 23/02/2023 Libro impreso